000 00697nam 22002053 4500
001 202806
010 _a978-972-31-1320-4
021 _aPT
_b306948/10
090 _a202806
100 _a20260630d u||y0pory50 ba
200 _aA militância melancólica ou a figura de autor em José Gomes Ferreira
_fCarina Infante do Carmo
210 _a[Lisboa]
_cFundação Calouste Gulbenkian
_d2010
215 _a507 p.
_cbrochado
_d23 cm
225 _aTextos universitários de ciências sociais e humanas
606 _93661
_aCrítica Literária.Estudos Literários
675 _a82.09
_vPT
_zpor
700 _917666
_aCarmo
_bCarina Infante do
_f1971-
801 _aPT
_bBMMN
_gRPC
830 _cVanda
990 _cLIVROS